Music Quiz

Random Music Quiz
Score 0/56 Timer 10:00
0 Plays Today
member % Correct
RZA
96.4%
GZA
94.3%
Method Man
89.9%
Ghostface Killah
86.2%
Raekwon
84.6%
ODB
81.8%
U-God
81.8%
Inspectah Deck
74.9%
Cappadonna
62.8%
Masta Killah
62.3%
Redman
59.1%
Killah Priest
47%
Streetlife
29.6%
Shyheim
25.5%
Killa Sin
21.5%
La the Darkman
16.2%
9th Prince
15.4%
Trife Da God
14.6%
Hell Razah
14.2%
12 O'Clock
12.6%
Popa Wu
12.1%
Cilvaringz
10.5%
Dom Pachino
10.5%
Remedy
10.5%
Bronze Nazareth
10.1%
Islord
9.7%
Prodigal Sunn
9.7%
Sun God
8.9%
member % Correct
Timbo King
8.9%
Beretta 9
8.5%
Shabazz the Disciple
8.1%
Solomon Childs
7.3%
Buddha Monk
6.9%
Carlton Fisk
6.9%
Dreddy Kruger
5.7%
Young Dirty
4.9%
Warcloud
4%
Armel
2%
Free Murda
2%
Black Jesus
1.2%
Darkim Be Allah
1.2%
Lounge Lo
1.2%
Chip Banks
0.8%
ShoGun Assason
0.8%
Young Justice
0.8%
Maddam Scheez
0.4%
Daddy Rose
0%
Dungeon Masta
0%
RhymeRecka
0%
Sharecka
0%
Big Kendolo
-0.4%
Emcee MG
-0.4%
Neek Rusher
-0.4%
Shamel Irief
-0.4%
Young Ace
-0.4%
Young Prince
-0.4%

You're not logged in!

Compare scores with friends on all Sporcle quizzes.
OR
Log In

Sporcle TV

Today on Sporcle TV


Watch our educational content, quiz creation guides, and fun videos on Sporcle TV.

Show Comments

Extras

Created Oct 8, 2009ReportNominate
Tags:Affiliate, clan, Wu-Tang

Top Quizzes Today


Score Distribution

Paid Content

Your Account Isn't Verified!

In order to create a playlist on Sporcle, you need to verify the email address you used during registration. Go to your Sporcle Settings to finish the process.

Report this User

Report this user for behavior that violates our Community Guidelines.

Details: